| 000 | 01416nam a2200289 a 4500 | ||
|---|---|---|---|
| 001 | BRCA_4262 | ||
| 005 | 20190320204615.0 | ||
| 008 | 150610s1948----sp-a######---#000-0#spa-# | ||
| 041 | _aspa | ||
| 044 | _asp | ||
| 050 | 4 |
_aZ8158 _b.A74 1948 |
|
| 100 | 1 |
_aAreny Batlle, Ramón _910990 |
|
| 245 | 1 | 0 |
_aEnsayo bibliográfico de ediciones ilustradas de Don Quijote de la Mancha _bprecedido del catálogo de las que figuraron en la exposición celebrada en el Palacio de la Pahería del 17 al 22 de junio _cpor Ramón Areny Batlle y Domingo Roch Sevina ; nota proemial de José Carrera Cejudo. |
| 260 |
_aLerida, España _bLeridana _c1948 |
||
| 300 |
_axiv, 167 p. _bil. _c25 cm. |
||
| 440 | 0 |
_aPatronato del VI centenario de Cervantes: comisión provincial de Lerida _910991 |
|
| 500 | _aIncluye índice de ilustradores y grabadores, índice de láminas y ediciones a que corresponden | ||
| 500 | _aIncluye catálogo de las ediciones de Don Quijote de la Mancha que figuraron en la exposición celebrada en el Palacio de la Pahería 17-12 junio, [1948] | ||
| 500 | _aEstado físico: Lomo desprendido | ||
| 500 | _aAM75 | ||
| 600 | 1 | 4 |
_aCervantes Saavedra, Miguel de _d1547-1616 _vBibliografía _97606 |
| 650 | 1 | 4 |
_aLiteratura española _vBibliografía _y1500-1700 _910992 |
| 700 | 1 |
_aRoch Sevina, Domingo _eCoautor _910993 |
|
| 700 | 1 |
_aCarrera Cejudo, José _eProloguista _910994 |
|
| 902 | _aGFM | ||
| 942 |
_2lcc _cB |
||
| 999 |
_c3973 _d3973 |
||